000 01320nam a2200265 a 4500
001 BRCA_5165
005 20190320204952.0
008 770503s1938 nyuabc####---#000-0#eng-#
041 _aeng
044 _anyu
050 4 _aQ11
_b.S65 1938
245 1 0 _aSmithsonian scientific series
_ceditor-in-chief Charles Greeley Abbot.
260 _aNueva York
_bSmithsonian Institution Series
_c1938
300 _a12 v.
_bil. (algunas a color), láminas, retratos, mapas, diagramas
_c23 cm.
500 _aIncluye índice alfabético
500 _aCopia registrada e impresa a nombre de Franz Mayer
500 _aDD64
505 0 _aContenido: v.1. Smithsonian institution. -- v.2. The sun and the welfare of man. -- v.3. Minerals from earth and sky. -- v.4. North american indians. -- v.5. Insects: their ways and means of living. -- v.6. Wild animals in and out of the zoo. -- v.7. Man from the farthest past. -- v.8. Cold-blooded vertebrates. -- v.9. Warm-blooded vertebrates. -- v.10. Shelled invertebrates. -- v.11. Old and new plant lore. -- v.12. Great inventions
610 2 4 _aSmithsonian Institution
_913209
650 1 4 _aSociedades científicas
_zEstados Unidos
_913210
650 1 4 _aCiencias
_xSociedades científicas
_913211
700 1 _aGreeley Abbot, Charles
_eEditor
_913212
902 _aGFM
942 _2lcc
_cB
999 _c4859
_d4859